[Event "chess.com Junior Speed"]
[Site "chess.com INT"]
[Date "2019.05.31"]
[Round "1.13"]
[White "Wei Yi"]
[Black "Praggnanandhaa,R"]
[Result "1/2-1/2"]
[WhiteElo "2736"]
[BlackElo "2536"]

1.e4 c5 2.Nf3 Nc6 3.Bb5 g6 4.O-O Bg7 5.Re1 e5 6.Bxc6 dxc6 7.a4 b6 8.a5 b5
9.d3 Qe7 10.c4 Nf6 11.h3 O-O 12.Qc2 Ba6 13.Be3 bxc4 14.dxc4 Rfd8 15.b3 Ne8
16.Qb2 Nc7 17.Qa3 Ne6 18.Nc3 Rd3 19.Na4 Bxc4 20.Bxc5 Qb7 21.Re3 Rxb3 22.Qc1 Qb5
23.Nd2 Rxe3 24.Bxe3 Bd3 25.Nb2 Nf4 26.Bxf4 exf4 27.Ra2 Be2 28.Nbc4 Rd8 29.a6 Qc5
30.Ra4 Qd4 31.Qe1 Bd3 32.Nf3 Qxe4 33.Qxe4 Bxe4 34.Na5 Bd5 35.Nb7 Re8 36.Nd6 Rb8
37.Nb7 Bf8 38.Ne5 c5 39.Nd7 Rc8 40.Nf6+ Kg7 41.Nxd5 c4 42.Nc3 Be7 43.Na5 Bf6
44.Ne2 c3 45.Ra1 c2 46.Rf1 Bb2 47.Nb3 Rd8 48.Nxf4 Rb8 49.Nc1 Rb6 50.Nfd3 Bc3
51.Ne2 Bd2 52.Nd4 Rd6 53.Nxc2 Rxd3 54.Rd1 Rd6 55.Kf1 Bf4 56.Rxd6 Bxd6 57.Ke2 Kf6
58.Nd4 Bc5 59.Nb5 Ke5 60.f3 Kd5 61.Kd3 Kc6 62.Kc4 Kb6 63.Nc3 Bg1 64.Kd5 Kxa6
65.Kd6 Bd4 66.Nd5 Kb5 67.Nc7+ Kc4 68.Na6 Kb5 69.Nc7+ Kc4 70.Na6 Kd3 71.Kd5 f5
72.Nb4+ Kc3 73.Nc6 Bb6 74.Ke6 Kc4 75.Nxa7 Bxa7 76.Kf6 Kd5 77.Kg7 Ke6 78.Kxh7 g5
79.Kg6 Be3 80.g4 fxg4 81.fxg4 Ke5 82.Kh5 Kf6 83.h4 gxh4 84.Kxh4 Bg5+ 85.Kh5 Bf4
86.g5+ Bxg5  1/2-1/2

[Event "chess.com Junior Speed"]
[Site "chess.com INT"]
[Date "2019.05.31"]
[Round "1.21"]
[White "Wei Yi"]
[Black "Praggnanandhaa,R"]
[Result "1-0"]
[WhiteElo "2736"]
[BlackElo "2536"]

1.e4 c5 2.Nf3 d6 3.Bb5+ Nd7 4.d4 cxd4 5.Qxd4 a6 6.Bxd7+ Bxd7 7.O-O e5 8.Qd3 b5
9.a4 Nf6 10.Bg5 bxa4 11.Nc3 Be7 12.Bxf6 gxf6 13.Nd5 Bc6 14.Nh4 Rg8 15.Nf5 Bf8
16.Ra3 Rg5 17.Rc3 Rc8 18.Qxa6 Bd7 19.Nxf6+ Qxf6 20.Rxc8+ Bxc8 21.Qxc8+ Qd8
22.Qc6+ Qd7 23.Qa8+ Qd8 24.Qxa4+ Qd7 25.Qa8+ Qd8 26.Ra1 Bg7 27.Qc6+ Qd7 28.Ra8+  1-0

[Event "chess.com Junior Speed"]
[Site "chess.com INT"]
[Date "2019.05.31"]
[Round "1.22"]
[White "Praggnanandhaa,R"]
[Black "Wei Yi"]
[Result "1-0"]
[WhiteElo "2536"]
[BlackElo "2736"]

1.e4 c5 2.Nf3 Nc6 3.d4 cxd4 4.Nxd4 Nf6 5.Nc3 e5 6.Ndb5 d6 7.Nd5 Nxd5 8.exd5 Nb8
9.Be2 Be7 10.O-O O-O 11.a4 f5 12.b4 f4 13.Nc3 Nd7 14.Ne4 Nf6 15.Bf3 Bf5 16.Qd3 g5
17.Nxf6+ Rxf6 18.Be4 Qd7 19.c4 g4 20.Bxf5 Rxf5 21.f3 Rh5 22.Ra2 Rf8 23.Qe4 Rf6
24.fxg4 Qxg4 25.g3 Rg5 26.Rg2 f3 27.Qxg4 Rxg4 28.Rc2 Rd4 29.Be3 Rd3 30.Bxa7 e4
31.Re1 Ra3 32.Rxe4 Ra1+ 33.Kf2 Rh1 34.Rh4 Rf5 35.Rh3 Bg5 36.g4 Rf6 37.c5 Rf4
38.c6 bxc6 39.dxc6 Rxg4 40.Kxf3 Rf4+ 41.Kg2 Rhf1 42.c7  1-0

[Event "chess.com Junior Speed"]
[Site "chess.com INT"]
[Date "2019.05.31"]
[Round "1.23"]
[White "Wei Yi"]
[Black "Praggnanandhaa,R"]
[Result "0-1"]
[WhiteElo "2736"]
[BlackElo "2536"]

1.e4 c5 2.Nf3 Nc6 3.d4 cxd4 4.Nxd4 Nf6 5.Nc3 d6 6.Nde2 g6 7.g3 Bg7 8.Bg2 O-O
9.O-O Bd7 10.h3 Rc8 11.Nd5 Nxd5 12.exd5 Ne5 13.Rb1 Bf5 14.Nd4 Qd7 15.g4 Nxg4
16.Nxf5 Qxf5 17.hxg4 Qxc2 18.Qxc2 Rxc2 19.Be3 f5 20.gxf5 gxf5 21.Rfc1 Rfc8
22.Rxc2 Rxc2 23.Bxa7 Bxb2 24.Be3 Be5 25.a4 Ra2 26.Rb4 Kf7 27.f4 Bc3 28.Rc4 Ba5
29.Bf1 h5 30.Bf2 Rd2 31.Rd4 Rb2 32.Rc4 Rd2 33.Bg2 Rd1+ 34.Kh2 Ra1 35.Bd4 Ra2
36.Kh3 Ra3+ 37.Kh2 Be1 38.Kg1 h4 39.Kf1 Bg3 40.Bb2 Ra2 41.Rb4 Bxf4 42.Rxf4 Rxb2
43.Rxf5+ Kg6 44.Be4 Kh6 45.Rf7 Rb4 46.Rxe7 Rxa4 47.Kg2 Kg5 48.Bf3 Ra2+ 49.Kh3 Ra3
50.Rg7+ Kf6 51.Rxb7 Rxf3+ 52.Kxh4 Rd3 53.Kg4 Ke5 54.Re7+ Kxd5 55.Kf4 Kd4
56.Re4+ Kc5 57.Ra4 Rd4+  0-1

[Event "chess.com Junior Speed"]
[Site "chess.com INT"]
[Date "2019.05.31"]
[Round "1.24"]
[White "Praggnanandhaa,R"]
[Black "Wei Yi"]
[Result "1/2-1/2"]
[WhiteElo "2536"]
[BlackElo "2736"]

1.e4 c6 2.d4 g6 3.Nc3 Bg7 4.Nf3 d5 5.h3 dxe4 6.Nxe4 Nf6 7.Nxf6+ exf6 8.Bd3 O-O
9.O-O Na6 10.c3 Nc7 11.a4 a5 12.Qb3 Rb8 13.Bf4 Be6 14.Qc2 Rc8 15.Rfe1 Re8
16.Qd2 Nd5 17.Bh6 Qd6 18.Bc4 Bf5 19.Bxg7 Kxg7 20.Rxe8 Rxe8 21.Re1 Rxe1+ 22.Qxe1 Nb6
23.Bb3 Be6 24.Bc2 Qd5 25.Nd2 Qa2 26.Qb1 Qxb1+ 27.Nxb1 Nc4 28.b3 Nd6 29.Nd2 b5
30.Bd3 bxa4 31.bxa4 f5 32.Kf1 f4 33.Ke2 f5 34.c4 Kf6 35.Kd1 g5 36.Kc2 h5
37.Kc3 h4 38.Nb3 g4 39.f3 Nb7 40.Be2 Kg5 41.Nc5 Nxc5 42.dxc5 Kf6 43.Kd4 g3
44.Bd1 Bf7 45.Be2 Bh5 46.Bd1 Be8 47.Be2 Bh5 48.Bd1 Be8 49.Be2  1/2-1/2

[Event "chess.com Junior Speed"]
[Site "chess.com INT"]
[Date "2019.05.31"]
[Round "1.25"]
[White "Wei Yi"]
[Black "Praggnanandhaa,R"]
[Result "1-0"]
[WhiteElo "2736"]
[BlackElo "2536"]

1.e4 c5 2.Nf3 Nc6 3.d4 cxd4 4.Nxd4 Nf6 5.Nc3 d6 6.Nde2 g6 7.g3 Bg7 8.Bg2 O-O
9.O-O Bd7 10.h3 Rc8 11.Nd5 Ne5 12.Rb1 Nxd5 13.exd5 Qa5 14.a3 Rc7 15.b3 Bf5
16.Nd4 Rfc8 17.Nxf5 gxf5 18.c4 b5 19.b4 Qa6 20.c5 dxc5 21.Bf4 cxb4 22.axb4 Rc4
23.Re1 Ng6 24.Be3 f4 25.Bc5 fxg3 26.fxg3 R8xc5 27.bxc5 Rxc5 28.d6 Qxd6 29.Qxd6 exd6
30.Re8+ Bf8 31.Ra8 Kg7 32.Rxa7 d5 33.Rb7 Rc2 34.Rf1 Bc5+ 35.Kh1 Ne5 36.Bxd5 Bf2
37.Re7 Bxg3 38.Bxf7 Re2 39.Bh5+  1-0

[Event "chess.com Junior Speed"]
[Site "chess.com INT"]
[Date "2019.05.31"]
[Round "1.26"]
[White "Praggnanandhaa,R"]
[Black "Wei Yi"]
[Result "1-0"]
[WhiteElo "2536"]
[BlackElo "2736"]

1.e4 e5 2.Nc3 Nf6 3.Nf3 Nc6 4.Bb5 Nd4 5.Bd3 Nxf3+ 6.Qxf3 d6 7.h3 g6 8.Bc4 Bh6
9.O-O O-O 10.d3 Bxc1 11.Raxc1 c6 12.Bb3 Kg7 13.Qe3 Nh5 14.Ne2 g5 15.d4 Nf4
16.Ng3 Qf6 17.dxe5 dxe5 18.Rcd1 Kg6 19.Qc5 Be6 20.Rd6 Rad8 21.Rfd1 Rxd6 22.Rxd6 Rd8
23.Rxd8 Qxd8 24.Qxe5 f6 25.Qc5 Qd1+ 26.Kh2 Bxb3 27.axb3 Qd2 28.h4 gxh4 29.Nf5 Qd7
30.Qf8  1-0

[Event "chess.com Junior Speed"]
[Site "chess.com INT"]
[Date "2019.05.31"]
[Round "1.12"]
[White "Praggnanandhaa,R"]
[Black "Wei Yi"]
[Result "0-1"]
[WhiteElo "2536"]
[BlackElo "2736"]

1.e4 e5 2.Nf3 Nc6 3.Bc4 Nf6 4.d3 h6 5.O-O d6 6.c3 g5 7.Re1 Bg7 8.Nbd2 g4
9.Nh4 Nxe4 10.Nxe4 Qxh4 11.f4 gxf3 12.Qxf3 Qxe1+  0-1

[Event "chess.com Junior Speed"]
[Site "chess.com INT"]
[Date "2019.05.31"]
[Round "1.1"]
[White "Wei Yi"]
[Black "Praggnanandhaa,R"]
[Result "1-0"]
[WhiteElo "2736"]
[BlackElo "2536"]

1.Nf3 Nf6 2.c4 e6 3.Nc3 d5 4.e3 c5 5.cxd5 exd5 6.Bb5+ Nc6 7.d4 cxd4 8.Nxd4 Bd7
9.Nf3 Be6 10.O-O Bd6 11.b3 O-O 12.Bb2 Rc8 13.Rc1 Bg4 14.h3 Bh5 15.Be2 Bb8
16.Nh4 Qd6 17.g3 Bxe2 18.Nxe2 Ne4 19.Bxg7 Rfe8 20.Nf4 Qd7 21.Bh6 d4 22.Qh5 Re5
23.Qd1 Rd8 24.Nf3 dxe3 25.Qxd7 exf2+ 26.Rxf2 Rxd7 27.Nxe5 Bxe5 28.Re2 Rd6
29.Rxe4 Rxh6 30.Rxc6 Bd4+ 31.Rxd4 Rxc6 32.Rd7  1-0

[Event "chess.com Junior Speed"]
[Site "chess.com INT"]
[Date "2019.05.31"]
[Round "1.10"]
[White "Praggnanandhaa,R"]
[Black "Wei Yi"]
[Result "1-0"]
[WhiteElo "2536"]
[BlackElo "2736"]

1.Nf3 d6 2.e4 g6 3.d4 Bg7 4.Bc4 e6 5.O-O Ne7 6.Nc3 b6 7.a4 a6 8.Bf4 Bb7 9.Qd2 h6
10.Rad1 Nd7 11.Rfe1 g5 12.Bg3 Ng6 13.h3 Nf6 14.e5 Nh5 15.Qe3 Nxg3 16.fxg3 O-O
17.Bd3 dxe5 18.Bxg6 fxg6 19.Nxe5 Qe8 20.Qd3 Rd8 21.Qc4 c5 22.d5 exd5 23.Nxd5 Kh7
24.Nf3 Qf7 25.Nxb6 Qc7 26.Nd5 Qxg3 27.Re7 Rxf3 28.Rxb7 Rdf8 29.Qe4 Qf2+ 30.Kh2 Rxh3+
31.Kxh3 Rf4 32.Rxg7+ Kxg7 33.Qe5+ Kh7 34.Qe7+ Rf7 35.Qe4  1-0

[Event "chess.com Junior Speed"]
[Site "chess.com INT"]
[Date "2019.05.31"]
[Round "1.9"]
[White "Wei Yi"]
[Black "Praggnanandhaa,R"]
[Result "0-1"]
[WhiteElo "2736"]
[BlackElo "2536"]

1.e4 c6 2.d4 d5 3.exd5 cxd5 4.Bd3 Nc6 5.c3 Qc7 6.Na3 a6 7.Nc2 Nf6 8.h3 e6
9.Nf3 b5 10.O-O Bb7 11.Re1 Bd6 12.Bg5 Ne4 13.Bxe4 dxe4 14.Rxe4 O-O 15.Qd3 Ne7
16.Ree1 Nf5 17.Bd2 Bd5 18.Ne3 Nxe3 19.Qxe3 Qb7 20.Ng5 f5 21.Qd3 Rf6 22.b3 Rg6
23.f3 h6 24.c4 bxc4 25.bxc4 hxg5 26.Rab1 Qc6 27.cxd5 Qxd5 28.Rb6 Bc5 29.Rb3 Bxd4+
30.Kh1 Rd8 31.Bc3 Bf2 32.Qxd5 exd5 33.Re2 Bg3 34.Be1 f4 35.Bxg3 fxg3 36.Rd3 Rc6
37.Rd1 d4 38.Kg1 d3 39.Red2 Kh7 40.Kf1 Rc2 41.Rxd3 Rxd3 42.Rxd3 Rf2+ 43.Kg1 Rxa2  0-1

[Event "chess.com Junior Speed"]
[Site "chess.com INT"]
[Date "2019.05.31"]
[Round "1.5"]
[White "Wei Yi"]
[Black "Praggnanandhaa,R"]
[Result "0-1"]
[WhiteElo "2736"]
[BlackElo "2536"]

1.Nf3 Nf6 2.c4 e6 3.Nc3 d5 4.e3 c5 5.d4 Nc6 6.cxd5 Nxd5 7.Bb5 cxd4 8.Nxd4 Nxc3
9.bxc3 Bd7 10.Nxc6 Bxc6 11.Bxc6+ bxc6 12.Qa4 Qd5 13.O-O Qb5 14.Qe4 Qd5 15.Qc2 Qc4
16.Qb3 Qb5 17.c4 Qxb3 18.axb3 a6 19.Bb2 Kd7 20.Rfd1+ Kc8 21.Rd3 f6 22.Rad1 Be7
23.e4 Rb8 24.Kf1 Rd8 25.Ke2 a5 26.Bc1 Rxd3 27.Rxd3 Ra8 28.Rg3 Bf8 29.Kd3 a4
30.Kc2 axb3+ 31.Kxb3 Ra1 32.Kb2 Ra4 33.Kb3 Ra1 34.Rc3 Bc5 35.f3 Bd4 36.Rc2 Rb1+
37.Ka4 Kb7 38.Ba3 c5 39.Rc1 Rb6 40.Rd1 Kc6 41.Rc1 e5 42.Rd1 Rb7 43.Rd2 g6
44.Rd1 f5 45.Re1 Rb8 46.Rd1 fxe4 47.fxe4 Rf8 48.Rd2 Rf1 49.Kb3 Rb1+ 50.Kc2 Re1
51.Bc1 Rxe4 52.Rd3 Re2+ 53.Rd2 Re3 54.Rd3 Re1 55.Rd1 Re4 56.Kd3 Rg4 57.g3 e4+
58.Ke2 e3 59.Kf3 Rg5 60.Bxe3 Rf5+ 61.Bf4 Be5 62.Ke4 Bxf4 63.gxf4 Rh5 64.Rd2 Rh4
65.Ke5 Rh5+ 66.Ke6 Rh4 67.Ke5 Rh5+ 68.Ke6 Rh4 69.Rf2 Rh3 70.f5 gxf5 71.Kxf5 Kb6  0-1

[Event "chess.com Junior Speed"]
[Site "chess.com INT"]
[Date "2019.05.31"]
[Round "1.7"]
[White "Wei Yi"]
[Black "Praggnanandhaa,R"]
[Result "1-0"]
[WhiteElo "2736"]
[BlackElo "2536"]

1.e4 c5 2.Nf3 Nc6 3.c3 Nf6 4.e5 Nd5 5.d4 cxd4 6.cxd4 d6 7.Bc4 Nb6 8.Bb5 dxe5
9.Nxe5 Bd7 10.Nxd7 Qxd7 11.O-O e6 12.Nc3 Be7 13.Be3 O-O 14.Rc1 a6 15.Bxc6 Qxc6
16.Qb3 Nc4 17.d5 exd5 18.Nxd5 Qxd5 19.Rfd1 Qb5 20.Qxc4 Bf6 21.b3 Qa5 22.Rd7 b5
23.Qd5 Rad8 24.g4 Qxa2 25.g5 Rxd7 26.Qxd7 Bb2 27.Re1 Ba3 28.Qd3 Bb4 29.Rc1 Qb2
30.Qd5 Qe2 31.Qd4 Ba3 32.Rc7 Qf3 33.h4 Qf5 34.h5 Qb1+ 35.Kg2 Qxb3 36.Qe4 Qe6
37.Qxe6 fxe6 38.Bd4 e5 39.Bxe5 Rf7 40.Rc8+ Bf8 41.Ra8 Rf5 42.f4 h6 43.Kf3 hxg5
44.Kg4 Rf7 45.fxg5 b4 46.g6 Rf1 47.Rxa6 Re1 48.Kf5 b3 49.Rb6 Re3 50.Rb8 Rf3+
51.Ke4  1-0

[Event "chess.com Junior Speed"]
[Site "chess.com INT"]
[Date "2019.05.31"]
[Round "1.4"]
[White "Praggnanandhaa,R"]
[Black "Wei Yi"]
[Result "1-0"]
[WhiteElo "2536"]
[BlackElo "2736"]

1.e4 c6 2.d4 d5 3.exd5 cxd5 4.Bd3 Nf6 5.c3 Bg4 6.Qb3 Qc7 7.Ne2 Nc6 8.Bf4 Qd7
9.O-O e6 10.Bg3 Be7 11.h3 Bf5 12.Bxf5 exf5 13.Nf4 O-O 14.Bh4 Rad8 15.Bxf6 Bxf6
16.Nd3 Na5 17.Qc2 Nc4 18.Nd2 Rfe8 19.Rfe1 b6 20.Rad1 g6 21.Nf3 Re4 22.b3 Na3
23.Qb2 Nb5 24.a4 Nd6 25.Nd2 Rh4 26.g3 Rh6 27.Kg2 f4 28.g4 Rh4 29.Ne5 Bxe5
30.dxe5 Rxg4+ 31.hxg4 Qxg4+ 32.Kf1 Nf5 33.f3 Qh3+ 34.Ke2 Ng3+ 35.Kd3 Qf5+
36.Kd4 Qc8 37.Nf1 Nf5+ 38.Kd3 d4 39.c4 Ne3 40.Nxe3 fxe3 41.Kc2 Qf5+ 42.Kc1 Qxe5
43.Rd3 h5 44.Red1 Qf4 45.Qe2 Qe5 46.Kb2  1-0

[Event "chess.com Junior Speed"]
[Site "chess.com INT"]
[Date "2019.05.31"]
[Round "1.3"]
[White "Wei Yi"]
[Black "Praggnanandhaa,R"]
[Result "1-0"]
[WhiteElo "2736"]
[BlackElo "2536"]

1.Nf3 Nf6 2.c4 b6 3.d3 Bb7 4.e4 d6 5.Nc3 g6 6.g3 Bg7 7.Bg2 O-O 8.O-O c5 9.h3 Nbd7
10.Be3 Rc8 11.Nh4 Bc6 12.f4 a6 13.a4 Ne8 14.g4 Nc7 15.f5 b5 16.axb5 axb5
17.g5 b4 18.Nd5 Bxd5 19.exd5 Bxb2 20.Rb1 Bc3 21.Be4 Kg7 22.Ng2 Ra8 23.h4 Ra2
24.h5 Qa8 25.Qg4 Ne5 26.Qh3 Rh8 27.f6+ Kg8 28.fxe7 Qe8 29.Rf6 Qxe7 30.Qc8+ Ne8
31.Rbf1 Nd7 32.Rxf7 Qxf7 33.Rxf7 Kxf7 34.Qxd7+ Kf8 35.hxg6 hxg6 36.Bxg6 Ra1+
37.Kf2 Ra2+ 38.Kf3 Rh3+ 39.Qxh3  1-0

[Event "chess.com Junior Speed"]
[Site "chess.com INT"]
[Date "2019.05.31"]
[Round "1.2"]
[White "Praggnanandhaa,R"]
[Black "Wei Yi"]
[Result "0-1"]
[WhiteElo "2536"]
[BlackElo "2736"]

1.e4 c5 2.Nf3 d6 3.d4 cxd4 4.Nxd4 Nf6 5.Nc3 a6 6.Bd3 e5 7.Nde2 Be7 8.O-O O-O
9.Ng3 g6 10.Bh6 Re8 11.h3 Nc6 12.Nd5 Nxd5 13.exd5 Nb8 14.Qf3 Nd7 15.Nf5 Bf8
16.Bxf8 Nxf8 17.Ne3 f5 18.Qe2 e4 19.Bc4 f4 20.Ng4 Qh4 21.f3 h5 22.Nf2 exf3
23.Qxf3 Re3 24.Qd1 f3 25.gxf3 Bxh3 26.Nxh3 Qg3+ 27.Kh1 Qxh3+ 28.Kg1 Qg3+
29.Kh1 Qh4+ 30.Kg2 Qxc4 31.Rf2 Rae8  0-1

[Event "chess.com Junior Speed"]
[Site "chess.com INT"]
[Date "2019.05.31"]
[Round "1.19"]
[White "Wei Yi"]
[Black "Praggnanandhaa,R"]
[Result "1/2-1/2"]
[WhiteElo "2736"]
[BlackElo "2536"]

1.e4 c5 2.Nf3 Nc6 3.c3 Nf6 4.e5 Nd5 5.d4 cxd4 6.cxd4 d6 7.Bc4 Nb6 8.Bb5 dxe5
9.Nxe5 Bd7 10.Nxd7 Qxd7 11.Nc3 e6 12.O-O Be7 13.Be3 a6 14.Bxc6 Qxc6 15.Rc1 Qd7
16.Qb3 Nd5 17.Nxd5 exd5 18.Bf4 O-O 19.Rc7 Qf5 20.Be5 Bf6 21.Qxd5 Rad8 22.Qxb7 Bxe5
23.dxe5 Qxe5 24.Rc2 a5 25.Qf3 h5 26.g3 g6 27.Rfc1 Kg7 28.Re2 Qd4 29.h4 Rd6
30.Kg2 Rf6 31.Qc3 Rd8 32.Qxd4 Rxd4 33.Rcc2 Rf5 34.Red2 Re4 35.Re2 Rd4 36.Rcd2 Rc4
37.Re3 a4 38.Red3 Rb4 39.Rd4 Rfb5 40.Rxb4 Rxb4 41.Kf3 f6 42.Ke3 g5 43.hxg5 fxg5
44.Kd3 h4 45.Kc3 Rg4 46.gxh4 gxh4 47.Rd3 Kg6 48.b4 axb3 49.axb3 Rf4 50.Rh3 Kg5
51.f3 Rf8 52.b4 Rc8+ 53.Kb3 Rb8 54.Kc4 Rc8+ 55.Kd5 Rb8 56.Kc5 Rc8+ 57.Kd4 Rb8
58.Kc3 Rc8+ 59.Kb2 Rb8 60.Kb3 Kh5 61.Kc4 Rc8+ 62.Kd4 Rb8 63.Kc4 Rc8+ 64.Kd4 Rb8
65.Kc4  1/2-1/2

[Event "chess.com Junior Speed"]
[Site "chess.com INT"]
[Date "2019.05.31"]
[Round "1.20"]
[White "Praggnanandhaa,R"]
[Black "Wei Yi"]
[Result "0-1"]
[WhiteElo "2536"]
[BlackElo "2736"]

1.Nf3 d6 2.e4 e5 3.d4 Nd7 4.Bc4 c6 5.dxe5 dxe5 6.Ng5 Nh6 7.O-O Be7 8.Nf3 Ng4
9.Nc3 O-O 10.h3 Ngf6 11.Be3 b5 12.Bd3 a5 13.a4 b4 14.Ne2 Qc7 15.c3 Nc5 16.cxb4 Nxd3
17.Qxd3 Bxb4 18.Qc2 Ba6 19.Rfc1 Rac8 20.Ng3 g6 21.Nd2 Rfd8 22.Nc4 Kg7 23.b3 Nd7
24.Qb2 f6 25.Ne2 Nc5 26.Bxc5 Bxc5 27.Nxe5 Qxe5 28.Qxe5 fxe5 29.Rxc5 Bxe2
30.Rxe5 Rd1+ 31.Rxd1 Bxd1 32.Rxa5 Bxb3 33.e5 c5 34.Ra7+ Kf8 35.a5 c4 36.Rxh7 c3
37.a6 c2 38.a7 c1=Q+ 39.Kh2 Qf4+  0-1

[Event "chess.com Junior Speed"]
[Site "chess.com INT"]
[Date "2019.05.31"]
[Round "1.6"]
[White "Praggnanandhaa,R"]
[Black "Wei Yi"]
[Result "0-1"]
[WhiteElo "2536"]
[BlackElo "2736"]

1.e4 e5 2.Nf3 Nf6 3.Nxe5 d6 4.Nf3 Nxe4 5.Nc3 Nxc3 6.dxc3 Be7 7.Be3 O-O 8.Qd2 Nd7
9.O-O-O Nf6 10.Bd3 d5 11.Rhe1 Bg4 12.Bg5 Ne4 13.Bxe4 dxe4 14.Bxe7 Qxe7 15.h3 Bxf3
16.gxf3 Qe6 17.Kb1 Qxh3 18.fxe4 Qh4 19.Qe3 Rad8 20.Rd4 Rfe8 21.e5 Rxd4 22.cxd4 Rd8
23.c3 c5 24.dxc5 Qc4 25.f4 h5 26.f5 Qg4 27.f6 Rd1+ 28.Kc2 Rxe1 29.Qxe1 h4
30.e6 fxe6 31.fxg7 h3 32.Qe5 Qf5+  0-1

[Event "chess.com Junior Speed"]
[Site "chess.com INT"]
[Date "2019.05.31"]
[Round "1.8"]
[White "Praggnanandhaa,R"]
[Black "Wei Yi"]
[Result "1-0"]
[WhiteElo "2536"]
[BlackElo "2736"]

1.e4 c5 2.Nc3 g6 3.a3 Bg7 4.Rb1 d6 5.b4 cxb4 6.axb4 Nf6 7.Nf3 O-O 8.Bc4 Nxe4
9.Nxe4 d5 10.Bd3 dxe4 11.Bxe4 e5 12.c4 Nd7 13.d3 Nf6 14.Bg5 h6 15.Bxf6 Bxf6
16.O-O Qc7 17.Bd5 Kg7 18.Re1 Rb8 19.Qe2 Re8 20.Nd2 Bd7 21.Qf3 Bf5 22.g4 Be6
23.Ne4 Bg5 24.Kg2 Bf4 25.Bxe6 Rxe6 26.Nc3 Qd7 27.Nd5 g5 28.h4 gxh4 29.Rh1 Bg5
30.Qf5 Rbe8 31.b5 Qc8 32.Qe4 Rg6 33.f3 Bd8 34.Kf1 Bg5 35.Ra1 a6 36.bxa6 bxa6
37.Rb1 Qc5 38.Rh2 a5 39.Rb7 Qa3 40.Rhb2 h3 41.Qf5 Rf8 42.Kg1 e4 43.dxe4 Qd6
44.e5 Qc5+ 45.Kh2 Qxc4 46.Rd7 Kh8 47.Rxf7 Rxf7 48.Qxf7 Rg8 49.Kxh3 Qf1+ 50.Kh2 Be3
51.Nxe3 Qc1 52.Qf6+  1-0

[Event "Armageddon: Chess for TV"]
[Site "Moscow RUS"]
[Date "2019.06.11"]
[Round "1.2"]
[White "Kramnik,V"]
[Black "Wei Yi"]
[Result "1-0"]
[WhiteElo "2753"]
[BlackElo "2741"]

1.d4 d5 2.Nf3 c6 3.e3 e6 4.c4 Bd6 5.Bd3 f5 6.O-O Nf6 7.b3 O-O 8.Ba3 b6 9.Bxd6 Qxd6
10.Nc3 Ne4 11.Qc2 Nd7 12.cxd5 exd5 13.Ne2 Bb7 14.Rac1 Rac8 15.Qb2 Rce8 16.b4 b5
17.a4 bxa4 18.Qa2 Nb6 19.Rc5 Qh6 20.Bxe4 fxe4 21.Ne5 Ba6 22.Rxc6 Re6 23.Rc5 Kh8
24.b5 Bb7 25.Rc7  1-0

[Event "Armageddon: Chess for TV"]
[Site "Moscow RUS"]
[Date "2019.06.12"]
[Round "2.2"]
[White "Gelfand,B"]
[Black "Wei Yi"]
[Result "0-1"]
[WhiteElo "2676"]
[BlackElo "2741"]

1.d4 Nf6 2.Nf3 g6 3.Nbd2 d5 4.b4 Bg7 5.e3 O-O 6.Be2 a5 7.b5 c5 8.bxc6 Nxc6
9.O-O Bf5 10.Bb2 a4 11.Ba3 Qa5 12.c4 Nb4 13.cxd5 Nbxd5 14.Nc4 Qa7 15.Rc1 Ne4
16.Bd3 Nec3 17.Qd2 Bxd3 18.Qxd3 Nxa2 19.Ra1 Nab4 20.Qd2 Rfc8 21.Rfc1 Qa6
22.Nb2 Nc6 23.Nd3 Na5 24.Nc5 Qa7 25.Qd1 b5 26.e4 Nb6 27.Bb4 Nc6 28.Bc3 b4
29.Be1 a3 30.Rcb1 Na4 31.Nb3 Nc3 32.Bxc3 bxc3 33.Rc1 Nb4 34.e5 a2 35.Qe2 Qa3
36.Nc5 Qb2 37.Qc4 Nc2 38.Nd3 Rxc4  0-1

[Event "Armageddon: Chess for TV"]
[Site "Moscow RUS"]
[Date "2019.06.12"]
[Round "2.1"]
[White "Wei Yi"]
[Black "Gelfand,B"]
[Result "1/2-1/2"]
[WhiteElo "2741"]
[BlackElo "2676"]

1.d4 Nf6 2.c4 e6 3.g3 Bb4+ 4.Nd2 c5 5.a3 Bxd2+ 6.Qxd2 cxd4 7.Nf3 Nc6 8.Nxd4 Na5
9.Qc2 d5 10.cxd5 Qxd5 11.Nf3 Nb3 12.Rb1 Bd7 13.Bd2 Nxd2 14.Qxd2 Bc6 15.Qxd5 Bxd5
16.Bg2 Rc8 17.O-O Ke7 18.Rbc1 Rhd8 19.Rfe1 Be4 20.Ne5 Rxc1 21.Rxc1 Bxg2 22.Kxg2 Rd2
23.Nc4 Rd5 24.Ne3 Rd7 25.Kf1 Ne4 26.Ke1 Nd6 27.f3 g5 28.Ng4 f6 29.e4 h5 30.Ne3 Nf7
31.Ke2 Ne5 32.Rc8 Rd8 33.Rxd8 Kxd8 34.f4 Nc6 35.Kd3 Ke7 36.h4 gxf4 37.gxf4 Kf7
38.Nc4 Ke7 39.b4 b5 40.Nd2 e5 41.Ke3 Nd4 42.fxe5 fxe5 43.Kd3 a6 44.Kc3 Ne2+
45.Kd3 Nf4+ 46.Kc3 Ne2+ 47.Kd3 Nf4+ 48.Kc3 Ne2+ 49.Kd3  1/2-1/2

[Event "Armageddon: Chess for TV"]
[Site "Moscow RUS"]
[Date "2019.06.14"]
[Round "3.2"]
[White "Wei Yi"]
[Black "Karjakin,Sergey"]
[Result "1/2-1/2"]
[WhiteElo "2741"]
[BlackElo "2748"]

1.Nf3 d5 2.c4 e6 3.b3 d4 4.g3 c5 5.e3 Nc6 6.Qe2 Nf6 7.Bg2 Nb4 8.d3 dxe3 9.Bxe3 Qxd3
10.Qxd3 Nxd3+ 11.Ke2 Nb4 12.Nc3 Be7 13.Rad1 O-O 14.Rd2 Nc6 15.Na4 Ne4 16.Rdd1 f5
17.Rhe1 e5 18.Kf1 Be6 19.Nd2 Nxd2+ 20.Rxd2 Rad8 21.Bxc6 bxc6 22.Rxd8 Rxd8
23.Bxc5 Bf6 24.Bxa7 f4 25.Nc3 Rd2 26.Kg1 Rc2 27.Ne4 Rxa2 28.Bb8 fxg3 29.hxg3 Bg4
30.Nc5 Bf3 31.Nd3 e4 32.Ne5 Bxe5 33.Bxe5 Kf7 34.Bd4 g5 35.Kh2 h6 36.g4 Rd2
37.Be3 Rb2 38.Ra1 Rxb3 39.Ra7+ Ke8 40.Ra8+ Kf7 41.Ra7+ Ke8 42.Ra8+ Kf7  1/2-1/2

[Event "Armageddon: Chess for TV"]
[Site "Moscow RUS"]
[Date "2019.06.14"]
[Round "3.1"]
[White "Karjakin,Sergey"]
[Black "Wei Yi"]
[Result "1-0"]
[WhiteElo "2748"]
[BlackElo "2741"]

1.e4 c6 2.Nf3 d5 3.exd5 cxd5 4.Ne5 g6 5.d4 Bg7 6.c3 Nf6 7.Bd3 O-O 8.O-O Nc6
9.Qe2 Nxe5 10.dxe5 Ne4 11.Nd2 Bxe5 12.Nxe4 dxe4 13.Bxe4 Qc7 14.g3 Bh3 15.Rd1 Bg7
16.Be3 a6 17.a4 Rad8 18.a5 Rxd1+ 19.Rxd1 Bd7 20.Bb6 Qc8 21.Qd3 Bb5 22.Qf3 Qe6
23.Kg2 Kh8 24.Bd5 Qe5 25.Qe4 Qh5 26.Re1 e6 27.Bxb7 Rb8 28.Bc6 h6 29.Bxb5 Qxb5
30.Qe2 Qd5+ 31.Qf3 Qd7 32.Rd1 Qe7 33.Qc6 Qg5 34.Rd7 Qf5 35.Qf3  1-0

[Event "CHN League Men 2019"]
[Site "Daqing CHN"]
[Date "2019.06.21"]
[Round "3.2"]
[White "Wei Yi"]
[Black "Xu,Xiangyu"]
[Result "1/2-1/2"]
[WhiteElo "2741"]
[BlackElo "2583"]

1.e4 e5 2.Nf3 Nf6 3.Nxe5 d6 4.Nc4 Nxe4 5.Qe2 Qe7 6.Ne3 Nf6 7.Nc3 Nc6 8.Ncd5 Nxd5
9.Nxd5 Qxe2+ 10.Bxe2 Nd4 11.Nxc7+ Kd8 12.Nxa8 Nxc2+ 13.Kd1 Nxa1 14.d3 Be6
15.Be3 Bxa2 16.Bxa7 Be7 17.Bf3 Bf6 18.Bxb7 Bxb2 19.Re1 Bb3+ 20.Kd2 Be6 21.Rb1 Nb3+
22.Kc2 Bd4 23.Bxd4 Nxd4+ 24.Kc3 Ne2+ 25.Kd2 Nd4 26.Ke3 Nf5+ 27.Kd2 Nd4 28.Kc3 Ne2+
29.Kd2 Nd4 30.Ke3 Nf5+ 31.Kd2  1/2-1/2

[Event "chess.com Junior Speed"]
[Site "chess.com INT"]
[Date "2019.07.10"]
[Round "2.14"]
[White "Van Foreest,Jorden"]
[Black "Wei Yi"]
[Result "0-1"]
[WhiteElo "2601"]
[BlackElo "2736"]

1.d4 Nf6 2.c4 g6 3.Nc3 d5 4.cxd5 Nxd5 5.e4 Nxc3 6.bxc3 Bg7 7.Nf3 c5 8.h3 O-O
9.Be2 Nc6 10.Be3 Qa5 11.O-O Qxc3 12.Rc1 Qa3 13.Rxc5 Qxa2 14.Bc4 Qa3 15.Qe2 Nxd4
16.Bxd4 Bxd4 17.Rb5 Bg7 18.e5 b6 19.e6 f5 20.Rb3 Qc5 21.Rb5 Qc7 22.Bd5 Bb7
23.Bxb7 Qxb7 24.h4 Qe4 25.Qa2 Rfc8 26.Rd5 Rc2 27.Qb3 Qc4 28.Qxc4 Rxc4 29.Rd7 Bf6
30.h5 gxh5  0-1

[Event "chess.com Junior Speed"]
[Site "chess.com INT"]
[Date "2019.07.10"]
[Round "2.15"]
[White "Wei Yi"]
[Black "Van Foreest,Jorden"]
[Result "1-0"]
[WhiteElo "2736"]
[BlackElo "2601"]

1.d4 Nf6 2.c4 g6 3.g3 Bg7 4.Bg2 O-O 5.Nc3 d6 6.Nf3 Nbd7 7.O-O e5 8.e4 c6
9.dxe5 dxe5 10.b3 Qe7 11.a4 Rd8 12.Ba3 Qe8 13.Qc2 Nf8 14.Rfd1 Bg4 15.Bd6 Ne6
16.Bxe5 Bxf3 17.Bxf3 Ng5 18.Bxf6 Nxf3+ 19.Kg2 Bxf6 20.Kxf3 Qe6 21.Rac1 Qh3
22.Ne2 Bg5 23.Rxd8+ Rxd8 24.Rd1 Re8 25.Nf4 Bxf4 26.Kxf4 Qxh2 27.Kf3 Qh3 28.Qd3 Qe6
29.Kg2 h5 30.Qe3 a5 31.Rd4 Qe5 32.Rd7 b5 33.axb5 cxb5 34.c5 Rc8 35.Rd5 Qe6
36.Qd4 Kh7 37.f3 Qe7 38.Rd7 Qe6 39.Rd5 Ra8 40.Qe5 Qxe5 41.Rxe5 a4 42.bxa4 bxa4
43.Rd5 a3 44.Rd1 Kg7 45.c6 Kf6 46.c7 Ke7 47.Rd2 Rc8 48.Ra2 Ra8 49.Rxa3 Rc8
50.Rc3 Kd7 51.Kh3 g5 52.Rc5 f6 53.e5 Rxc7 54.Rxc7+ Kxc7 55.exf6 Kd6 56.g4 h4
57.f4 gxf4 58.Kxh4 Ke6 59.g5  1-0

[Event "chess.com Junior Speed"]
[Site "chess.com INT"]
[Date "2019.07.10"]
[Round "2.13"]
[White "Wei Yi"]
[Black "Van Foreest,Jorden"]
[Result "1/2-1/2"]
[WhiteElo "2736"]
[BlackElo "2601"]

1.d4 Nf6 2.c4 g6 3.g3 c6 4.Bg2 d5 5.Nf3 Bg7 6.O-O O-O 7.Qb3 a5 8.cxd5 a4
9.Qd1 cxd5 10.Nc3 Qa5 11.Bd2 Nc6 12.Ne5 Qa6 13.Bg5 e6 14.e4 Nxe4 15.Nxe4 dxe4
16.Bxe4 Nxe5 17.dxe5 Bxe5 18.Qc2 Bd7 19.Rfe1 Bg7 20.Rad1 Rfc8 21.Qd2 Bc6
22.b3 axb3 23.axb3 Qb5 24.Bxc6 bxc6 25.Qf4 Qxb3 26.Bf6 Qb8 27.Re5 Bxf6 28.Qxf6 Rd8
29.Rc1 Rd5 30.Re2 Qd6 31.Kg2 c5 32.Rb1 Qc6 33.Qf3 c4 34.Rc2 Rc8 35.Rbc1 Rc5
36.Qxc6 R5xc6 37.Rc3 Kf8 38.Kf3 h5 39.Ke4 Ke7 40.f4 Kd6 41.Kd4 Rc5 42.Ke4 Kc6
43.Rxc4 Kd6 44.Rxc5 Rxc5 45.Rxc5 Kxc5 46.Ke5 h4 47.Kf6 hxg3 48.hxg3 Kd4 49.Kxf7 Ke4
50.Kxg6 Kf3 51.Kf6 Kxg3 52.Kxe6 Kxf4  1/2-1/2